|
|
|
|
| LEADER |
01216pam a22002894a 4500 |
| 001 |
0017475 |
| 003 |
BD-DhAAL |
| 008 |
090905s2005 enka b 001 0 eng d |
| 010 |
|
|
|a 2004052091
|
| 020 |
|
|
|a 0333984315 (pbk.)
|
| 040 |
|
|
|a DLC
|c DLC
|d YDX
|d NLM
|d DLC
|d BD-DhAAL
|
| 082 |
0 |
0 |
|a 338.433621
|2 22
|
| 100 |
1 |
|
|a Donaldson, Cam.
|9 58451
|
| 245 |
1 |
0 |
|a Economics of health care financing :
|b the visible hand /
|c Cam Donaldson and Karen Gerard ; with Stephen Jan, Craig Mitton, and Virginia Wiseman.
|
| 250 |
|
|
|a Second edition.
|
| 260 |
|
|
|a Basingstoke, Hampshire [England] ;
|a New York :
|b Palgrave Macmillan,
|c 2005.
|
| 300 |
|
|
|a x, 286 p. :
|b ill. ;
|c 24 cm
|
| 504 |
|
|
|a Includes bibliographical references (p. 232-271) and index.
|
| 526 |
|
|
|a JPGSPH
|
| 541 |
1 |
|
|e 00017475
|a D. S. Books International
|
| 650 |
|
0 |
|a Medical economics.
|
| 650 |
|
0 |
|a Medical care
|x Finance.
|9 58452
|
| 700 |
1 |
|
|a Gerard, Karen.
|9 58453
|
| 852 |
4 |
|
|a Ayesha Abed Library
|c General Stacks
|
| 942 |
|
|
|2 ddc
|c BK
|
| 999 |
|
|
|c 3814
|d 3814
|
| 952 |
|
|
|0 0
|1 0
|2 ddc
|4 0
|6 338_433621000000000_DON_2005
|7 0
|9 3466
|a BRACUL
|b BRACUL
|c GEN
|d 2009-09-06
|e D. S. Books International
|l 2
|o 338.433621 DON
|p 3010017475
|r 2014-07-09
|s 2014-04-06
|t 1
|w 2009-09-06
|y BK
|x USD 61.36
|